Higher organized sporopollen in biopolymer structures and the explosion of the pollen grains under scanning effect

Elmentve itt :
Bibliográfiai részletek
Szerző: Kedves Miklós
Dokumentumtípus: Cikk
Megjelent: 1987
Sorozat:Acta biologica 33 No. 1-4
Kulcsszavak:Természettudomány
Online Access:http://acta.bibl.u-szeged.hu/22088
LEADER 00670nab a2200181 i 4500
001 acta22088
005 20210526125706.0
008 161015s1987 hu o 0|| eng d
022 |a 0563-0592 
040 |a SZTE Egyetemi Kiadványok Repozitórium  |b hun 
041 |a eng 
100 1 |a Kedves Miklós 
245 1 0 |a Higher organized sporopollen in biopolymer structures and the explosion of the pollen grains under scanning effect  |h [elektronikus dokumentum] /  |c  Kedves Miklós 
260 |c 1987 
300 |a 163-165 
490 0 |a Acta biologica  |v 33 No. 1-4 
695 |a Természettudomány 
856 4 0 |u http://acta.bibl.u-szeged.hu/22088/1/biologica_033_163-165.pdf  |z Dokumentum-elérés